000 00288nam a2200109Ia 4500
005 20260328104345.0
008 260328s9999||||xx |||||||||||||| ||und||
100 _aLe Corbusier
245 0 _aLe Poeme électronique Le Corbusier ,1958 /
_cLe Corbusier
650 _aLe Corbusier
942 _cBK
999 _c12276
_d12276